| 000 | 00464nam a2200181Ia 4500 | ||
|---|---|---|---|
| 005 | 20140429145957.0 | ||
| 008 | 140130s9999 xx 000 0 und d | ||
| 020 | _a0440407168 | ||
| 050 |
_aPS 3566.A834 _b.P332 2003 |
||
| 100 |
_aPaulsen, Gary _95626 |
||
| 245 |
_cGary Paulsen _aCaught By The Sea : _bMy life on boats / |
||
| 260 |
_bScholastic, _c2003. _aNew York : |
||
| 440 | _v1 | ||
| 521 | _aG12 | ||
| 526 | _c1250 | ||
| 942 |
_cBK _2lcc |
||
| 999 |
_c41441 _d41441 |
||